| 000 | 01662nam a22002417a 4500 | ||
|---|---|---|---|
| 003 | GR-AtMCL | ||
| 005 | 20260107134641.0 | ||
| 006 | a|||||r||||||||||| | ||
| 008 | s2017 nyua b 001|0|eng|d | ||
| 040 |
_aGR-AtMCL _beng _dGR-AtMCL |
||
| 100 | 1 |
_aNorcross, John C. _93840 |
|
| 245 | 1 | 0 |
_aClinician's guide to evidence-based practices : _bbehavioural health and addictions / _cJohn C. Norcross, Thomas P. Hogan, Gerald P. Koocher, Lauren A. Maggio. |
| 250 | _a2nd ed. | ||
| 264 | 1 |
_aNew York, NY : _bOxford University Press, _c2017 |
|
| 300 |
_a314 pages : _bill. ; _c24 cm |
||
| 504 | _aIncludes bibliographical references and index. | ||
| 520 | _aEveryone, it seems, is talking and arguing about Evidence-Based Practice (EBP). Those therapies and assessments designated as EBP increasingly determine what is taught, researched, and reimbursed in health care. But exactly what is it, and how do you do it? The second edition of Clinician's Guide to Evidence-Based Practices is the concise, practitioner-friendly guide to applying EBPs in mental health. Step-by-step it explains how to conduct the entire EBP process-asking the right questions, accessing the best available research, appraising the research, translating that research into practice, integrating that research with clinician expertise and patient characteristics, evaluating the entire enterprise, attending to the ethical considerations, and when done, moving the EBP process forward by teaching and disseminating it. | ||
| 650 | 0 | _aEvidence-based psychiatry. | |
| 650 | 0 |
_aMental illness _xTreatment. |
|
| 650 | 0 |
_aHealth & Sport _910066 |
|
| 942 | _cBK | ||
| 999 |
_c10014 _d10014 |
||